Knot theory and its applications
Αποθηκεύτηκε σε:
| Κύριος συγγραφέας: | |
|---|---|
| Μορφή: | Βιβλίο |
| Γλώσσα: | English |
| Δημοσίευση: |
Boston :
Birkhauser Verlag,
c1996
|
| Θέματα: | |
| Ετικέτες: |
Προσθήκη ετικέτας
Δεν υπάρχουν, Καταχωρήστε ετικέτα πρώτοι!
|
MARC
| LEADER | 00000nam a2200000 i 4500 | ||
|---|---|---|---|
| 001 | 1/36726 | ||
| 008 | 970911s1996 eng d | ||
| 020 | |a 0-8176-3817-2 | ||
| 035 | |1 ΕΛΗ |a 1997 |b 1604 |c ΜΕΤΑΦΤΣΗΣ |l 10040315 | ||
| 040 | |a GR-MY-UA |b gre |e aacr | ||
| 041 | 0 | |a eng | |
| 082 | 0 | |a 514.224 | |
| 100 | 1 | |a Murasugi, Kunio |d 1929- | |
| 245 | 1 | 0 | |a Knot theory and its applications / |c Kunio Murasugi ; translated by Bohdan Kurpita |
| 260 | |a Boston : |b Birkhauser Verlag, |c c1996 | ||
| 300 | |a 341 p.; |b ill.; |c 24 cm. | ||
| 500 | |a Includes bibliographical references (p.[333]-336) and index | ||
| 650 | 0 | 0 | |a Knot theory. |
| 852 | |a INST |b SAMOS |e 19970911 |h 514.224 MUR |p 005300008900 |q 005300008900 |t BK |y 4 |x 20200217 | ||
| 901 | |a BIBL-1997-2 | ||
| 909 | |a Σ |b 050776 | ||